Natural Heritage of Gujarat: FOR REFERENCE ONLY (Record no. 603190)
[ view plain ]
| 000 -LEADER | |
|---|---|
| fixed length control field | 00473nam a2200145Ia 4500 |
| 008 - FIXED-LENGTH DATA ELEMENTS--GENERAL INFORMATION | |
| fixed length control field | 100415s9999 xx 000 0 und d |
| 082 ## - DEWEY DECIMAL CLASSIFICATION NUMBER | |
| Item number | 20293 |
| Classification number | 719.36(5475) |
| 100 ## - MAIN ENTRY--PERSONAL NAME | |
| Personal name | SINGH H.S. |
| 245 ## - TITLE STATEMENT | |
| Title | Natural Heritage of Gujarat: FOR REFERENCE ONLY |
| 260 ## - PUBLICATION, DISTRIBUTION, ETC. (IMPRINT) | |
| Place of publication, distribution, etc | GANDHINAGAR |
| Date of publication, distribution, etc | 2001 |
| Name of publisher, distributor, etc | GEER - GUJARAT ECOLOGICAL EDUC |
| 365 ## - TRADE PRICE | |
| Price amount | 1000 |
| 630 ## - SUBJECT ADDED ENTRY--UNIFORM TITLE | |
| Uniform title | Natural Heritage of Gujarat: FOR REFERENCE ONLY |
| 730 ## - ADDED ENTRY--UNIFORM TITLE | |
| Uniform title | Natural Heritage of Gujarat: FOR REFERENCE ONLY |
| 942 ## - ADDED ENTRY ELEMENTS (KOHA) | |
| Koha item type | Book |
| Withdrawn status | Lost status | Damaged status | Not for loan | Home library | Current library | Date acquired | Cost, normal purchase price | Total Checkouts | Full call number | Barcode | Date last seen | Price effective from | Koha item type |
|---|---|---|---|---|---|---|---|---|---|---|---|---|---|
| Bombay Natural History Society | Bombay Natural History Society | 12/10/2001 | 1000.00 | 719.36(5475) 20293 | BNHS-20293 | 04/15/2010 | 04/15/2010 | Book |